Les "nouvelles" en géographie - Statistiques

Statistiques générales
  • Ce quiz a été pris 173 fois
  • Le résultat moyen est 5 sur 10
Statistiques - réponses
Hint Réponse % Correct
Pays d'Océanie comptant les villes de Dunedin, Christchurch et Stratford Nouvelle-Zélande
94%
Grande ville de la côte est des Etats-Unis, divisé entre 5 quartiers New York
90%
Région française du Sud-Ouest crée en 2015 Nouvelle-Aquitaine
79%
Archipel d'outremer française comptant les îles Chesterfield et les récifs d'Entrecasteaux Nouvelle-Calédonie
68%
Ville de Louisiane faisant référence à une préfecture française La Nouvelle-Orléans
58%
Ancien nom donné par les Néerlandais lors de la construction de la ville Nouvelle-Amsterdam
52%
Capitale du Bénin Porto Novo
42%
Première région australienne dans laquelle se sont établis les colons anglais Nouvelles-Galles-du-Sud
17%
Ancien nom donné à un archipel du Pacifique ayant été placé sous condominium anglo-français Nouvelles-Hébrides
14%
Région fédérale du nord-est du Mexique Nuevo Leon
5%
Aucun quiz correspondant
Distribution des résultats
% des personnes avec chaque résultat
Percentile par nombre de réponses
Votre historique - résultats
Vous n’avez pas pris ce quiz